Przejdź do treści

Методика оказания сопутствующих аудиту и прочих услуг, связанных с аудиторской деятельностью Учебное пособие

Учебное пособие составлено в соответствии с государственным образовательным стандартом высшего образования по направлению подготовки 38.03.01 «Экономика» профиль 38.03.01.01 «Бухгалтерский учет анализ и аудит» профиль 38.03.01.08 «Анализ и прогнозирование экономики предприятий АПК» профиль 38.03.01....

Szczegółowa specyfikacja

Zapisane w:
Opis bibliograficzny
1. autor: Кизилов А.Н
Format: Учебное пособие
Wydanie:1
Dostęp online:https://znanium.ru/catalog/document?id=464946
https://znanium.ru/cover/2211/2211441.jpg
Etykiety: Dodaj etykietę
Nie ma etykietki, Dołącz pierwszą etykiete!
LEADER 04753nam0a2200325 i 4500
001 RU\infra-m\znanium\bibl\2211441
003 https://znanium.ru/catalog/document?id=464946
005 20250605000000.0
010 |a 978-5-7972-2530-0 
100 |a 20250605d2025 m y0rusy0150 ca 
101 0 |a rus 
102 |a RU 
200 1 |a Методика оказания сопутствующих аудиту и прочих услуг, связанных с аудиторской деятельностью  |e Учебное пособие  |f Ростовский государственный экономический университет (РИНХ)  |g Ростовский государственный экономический университет (РИНХ) 
205 |a 1 
210 1 |a Ростов-на-Дону  |c Ростовский Государственный Экономический Университет (РГЭУ, бывший РИНХ)  |d 2018 
215 |a 240 с. 
330 |a Учебное пособие составлено в соответствии с государственным образовательным стандартом высшего образования по направлению подготовки 38.03.01 «Экономика» профиль 38.03.01.01 «Бухгалтерский учет анализ и аудит» профиль 38.03.01.08 «Анализ и прогнозирование экономики предприятий АПК» профиль 38.03.01.09 «Бизнес-анализ и прогнозирование в организациях» и посвящено проблемам развития методики оказания сопутствующих аудиту и прочих услуг связанных с аудиторской деятельностью. В учебном пособии рассмотрены концептуальные основы классификация и современная методика оказания сопутствующих аудиту и прочих услуг связанных с аудиторской деятельностью. Большое внимание уделено вопросам связанным с особенностями различных видов аудита таких как: аудит бизнеса аудит на соответствие управленческий операционный социальный и налоговый аудит. Рассмотрен инструментарий. используемый при оказании сопутствующих аудиту и прочих услуг связанных с аудиторской деятельностью. Предназначено для бакалавров по направлению «Экономика» профиль 38 .03.01.01 «Бухгалтерский учет анализ и аудит» профиль 38.03.01.09 «Бизнес-анализ и прогнозирование в организациях» профиль 38.03.01.08 «Анализ и прогнозирование экономики предприятий АПК» практикующих аудиторов преподавателей аспирантов студентов экономических специальностей. 
333 |a ВО - Бакалавриат 
606 |a Экономика. Бухгалтерский учет. Финансы  |x Аудит  |2 local 
608 |a Учебное пособие  |2 local 
675 |a 657  |z rus 
686 |a 6505  |2 rubbk 
686 |a 38.03.01  |2 okso 
700 1 |a Кизилов  |b А.Н.  |g Александр Николаевич  |p Ростовский государственный экономический университет (РИНХ) 
701 1 |a Богатая  |b И.Н.  |g Ирина Николаевна  |p Ростовский государственный экономический университет (РИНХ), ф-л в г. Миллерово 
701 1 |a Хахонова  |b Н.Н.  |g Наталья Николаевна  |p Ростовский государственный экономический университет (РИНХ) 
712 0 2 |a Ростовский государственный экономический университет (РИНХ) 
801 0 |a RU  |b Общество с ограниченной ответственностью «ЗНАНИУМ»  |c 20250516  |2 rusmarc 
856 4 |a znanium.ru  |m ebs_support@infra-m.ru  |n НИЦ ИНФРА-М  |u https://znanium.ru/catalog/document?id=464946 
856 4 1 |a znanium.ru  |d /cover/2211  |f 2211441.jpg  |q image/jpeg  |u https://znanium.ru/cover/2211/2211441.jpg